| 000 -LEADER | |
|---|---|
| fixed length control field | 00366nam a22001337a 4500 |
| 020 ## - INTERNATIONAL STANDARD BOOK NUMBER | |
| ISBN | 97781403907837 |
| 050 ## - LIBRARY OF CONGRESS CALL NUMBER | |
| Classification number | HD59 |
| 100 ## - MAIN ENTRY--AUTHOR NAME | |
| Personal name | Davis, Anthony |
| 245 ## - TITLE STATEMENT | |
| Title | Mastering public relations |
| 260 ## - PUBLICATION, DISTRIBUTION, ETC. (IMPRINT) | |
| Place of publication | Basingstoke |
| Name of publisher | Palgrave Macmillan |
| Year of publication | 2004 |
| 300 ## - PHYSICAL DESCRIPTION | |
| Number of Pages | xv, 216p.:ill.,includes bibliographical references and index |
| 490 ## - SERIES STATEMENT | |
| Series statement | Palgrave Master Series |
| 942 ## - ADDED ENTRY ELEMENTS (KOHA) | |
| Koha item type | Books |
| Koha item type | Collection code | Shelving location | Accession Number | Permanent Location | Current Location | Date acquired | Full call number |
|---|---|---|---|---|---|---|---|
| Books | Reference | Reference | 1306 | Chapman Library | Chapman Library | 2016-04-27 | HD59dav |
| Books | Reference | Reference | 1313 | Chapman Library | Chapman Library | 2016-04-27 | HD59dav |

